| 000 | 00836cam a2200265 a 4500 | ||
|---|---|---|---|
| 001 | 15415865 | ||
| 003 | OSt | ||
| 005 | 20161018020004.0 | ||
| 008 | 080818s2009 caua b 001 0 eng | ||
| 010 | _a 2008935474 | ||
| 020 | _a9781847870179 | ||
| 020 | _a9781847870186 | ||
| 040 |
_aDLC _cDLC _dDLC |
||
| 050 | 0 | 0 |
_aLB1028 _b.P855 2009 |
| 082 | 0 | 0 |
_a370.72 _222 |
| 100 | 1 | _aPunch, Keith. | |
| 245 | 1 | 0 |
_aIntroduction to research methods in education / _cKeith Punch. |
| 260 |
_aLos Angeles : _bSage, _c2009. |
||
| 300 |
_axii, 380 p. : _bill. ; _c24 cm. |
||
| 504 | _aIncludes bibliographical references and index (p. 361-374) and index. | ||
| 650 | 0 |
_aEducation _xResearch _xMethodology _vTextbooks. |
|
| 906 |
_a7 _bcbc _corignew _d2 _eepcn _f20 _gy-gencatlg |
||
| 942 |
_2lcc _cBOOKS _01 |
||
| 999 |
_c12522 _d12522 |
||